How to patent an invention in Zambia under the national procedure (Record no. 45830)

MARC details
000 -LEADER
fixed length control field 00758nam a2200145 a 4500
008 - FIXED-LENGTH DATA ELEMENTS--GENERAL INFORMATION
fixed length control field 150318s2010 ||||||||||||||||| || u
050 ## - LIBRARY OF CONGRESS CALL NUMBER
Classification number GOV.ZAM(02)2010/15
110 ## - MAIN ENTRY--CORPORATE NAME
Corporate name or jurisdiction name as entry element Government of the Republic of Zambia. Ministry of Commerce, Industry and Trade, Patents and Companies Registration Office (Zambia)
245 10 - TITLE STATEMENT
Title How to patent an invention in Zambia under the national procedure
Statement of responsibility, etc. By the Patents and Companies Registration Office
260 ## - PUBLICATION, DISTRIBUTION, ETC.
Place of publication, distribution, etc. Lusaka:
Name of publisher, distributor, etc. Patents and Companies Registration Office (Zambia)
Date of publication, distribution, etc. [2010]
300 ## - PHYSICAL DESCRIPTION
Extent 12p.
350 ## - PRICE (NR) (BK AM CF MU VM SE) [OBSOLETE]
Price 0.00
650 ## - SUBJECT ADDED ENTRY--TOPICAL TERM
Topical term or geographic name entry element PATENT LAWS AND LEGISTLATION--ZAMBIA
995 ## - RECOMMENDATION 995 [LOCAL, UNIMARC FRANCE]
-- CBU-MAIN LIBRARY (Kitwe)
-- 0.00
-- 1
-- AVAILABLE
-- Mar 18, 2015
-- Zambiana Collection
Holdings
Withdrawn status Lost status Source of classification or shelving scheme Damaged status Not for loan Home library Current library Shelving location Date acquired Total Checkouts Full call number Barcode Date last seen Price effective from Koha item type
          CBU-MAIN LIBRARY, KITWE. CBU-MAIN LIBRARY, KITWE.   11/30/2022   GOV.ZAM(02)2010/15 03007046 11/30/2022 11/30/2022 MONOGRAPH